000 00297nam a22001337a 4500
008 190204b xxu||||| |||| 00| 0 eng d
020 _a9780321108050
041 _aeng
080 _a371
100 _a25
101 _aEDU
245 _aCollege Success Strategies
_cNist, Sh. L
942 _2udc
_cBK
999 _c53924
_d53924